000 00289nam a2200121 a 4500
008 130429s1986|||| d
100 1 _aMaksimovová, M.K.
245 1 0 _aŠkola pletenia, háčkovania
260 _bAlfa
_aBratislava
_c1986
020 _c0
041 _aslo
044 _axo
_cSK
999 _c20248
_d20248